| 000 | 00594nam a2200217Ia 4500 | ||
|---|---|---|---|
| 003 | GCL | ||
| 008 | 140319s9999 xx 000 0 ara d | ||
| 040 |
_aGCL / _cGCL |
||
| 082 | 0 | 4 |
_a372.41 _bا ك |
| 100 | 1 | _aادلر، موريتمر | |
| 245 | 1 | 0 |
_aكيف تقرا كتابا / _cادلر، موريتمر |
| 700 | 1 | _aطلال الحمصى | |
| 700 | 1 | _aتشارلز، فان دورن | |
| 300 | _a373 ص | ||
| 490 | _a | ||
| 650 | 0 | 4 | _aالقراءة |
| 650 | 0 | 4 | _aتعليم |
| 650 | 0 | 4 | _aالقراءة - تدريس |
| 650 | 0 | 4 | _aالعلوم الطبيعية |
| 942 |
_2ddc _cBK |
||
| 999 |
_c45064 _d45064 |
||